000 01853cam a22004694i 4500
003 PE-LiUPU
005 20250731172905.0
008 150623s r 000 0 d
020 _a0758628323
020 _a9780758628329
035 _a(Sirsi) a166413
040 _aPE-LiUPU
_bspa
_cPE-LiUPU
_erda
049 _aPRUA
082 0 4 _a221.61
_bL51
_223
100 1 _aLessing, R. Reed
_q(Robert Reed),
_d1959-
_eautor.
245 0 0 _aPrepare the way of the Lord :
_ban introduction to the Old Testament /
_cR. Reed Lessing and Andrew E. Steinmann.
264 1 _aSt. Louis :
_bConcordia Publishing House,
_c2014.
300 _axiii, 559 páginas :
_bilustraciones ;
_c23 centímetros
336 _atext
_2rdacontent
337 _aunmediated
_2rdamedia
338 _avolume
_2rdacarrier
490 0 _aAncient Christian commentary on Scripture. New Testament ;
_v12.
504 _aIncluye bibliografía.
505 0 _aThe old testament canon -- The origin of the pentateuch -- Genesis -- Exodus -- Leviticus -- Numbers -- Deuteronomy -- Joshua -- Judges -- Ruth -- Samuel -- Kings -- Chronocles -- Ezra and Nehemiah -- Esther -- Job -- Psalms -- Proverbs -- Ecclesiastes -- Song of songs -- Interpreting prophetic books -- Isaiah -- Jeremiah.
526 _aSEG42
526 _aSEG41
526 _aSEG40
526 _aSEG39
526 _aP94
526 _aP87
526 _aP86
526 _aP85
526 _aP77
526 _aP76
526 _aP35
650 _aBiblia.
_pAntiguo Testamento
_xCrítica, interpretación, etc.
942 _2ddc
_cBOOK
994 _aC0
_bPEPRU
596 _a1
999 _a221.61 L51
_wLC
_c15154
_i75244
_d15154
_f2021-11-9
_g5
_lCCODEBUL1
_mBUL
_q2
_r0
_sY
_tBOOK
_u2017-1-24
_xTEOLOGIA
_PP85
_0COMPRA
980 _81
_gALBERTO SANCHEZ Responsable de Automatización